000 00464nam a22001457a 4500
005 20151229113914.0
008 151229b xxu||||| |||| 00| 0 eng d
040 _cPK-LaUMT
082 _aMSC 335.3315491
_bSAJ-M
100 _aسجاد بخاری
245 _aمحترمہ بینظیر بھٹو شہید کی زندگی کے آخری 72 دن
_cسجاد بخاری
260 _aلاہور
_bمساوات پبلیکیشنز
_c2008
300 _a306 ص
942 _cBK
999 _c81165
_d81165